000 00518nam a2200229Ia 4500
008 210210b1953 xxu||||| |||| 00| 0 eng d
041 _aeng
082 _a822/709
100 _aLIPPA (E M)
245 _aI was a surgeon for the Chinese reds
260 _aLondon
_bGeorge G Harrap and Company Limited
_c1953
650 _awas
650 _athe
650 _asurgeon
650 _areds
650 _aI
650 _afor
650 _aChinese
650 _aa
690 _aEnglish Prose
906 _a012893
999 _c131722
_d131722